00783cam a22002411 4500001001300000003000400013005001700017008004100034010001700075035002000092040001700112042001200129050002100141051003700162110004100199245004400240260004300284300003800327500004300365500002800408610004900436710005600485war14000123 DLC20260227112810.0841016s1914 dcuaf f000 0 eng  awar14000123  a(OCoLC)11269332 aDLCcTMdDLC apremarc00aUG573b.A65 1914 aUG573b.A65 1914 Copy 3cCopy 3.1 aUnited States.bArmy.bSignal Corps.10aSignal book, United States army.b1914. aWashington,bGovt. print. off.,c1914. a88 p.billus., 2 col. pl.c16 cm. aCover pockets for notes and memoranda. aWar dept. doc. no. 464.10aUnited States.bArmyxCommunication systems.2 aGeorge Fabyan Collection (Library of Congress)5DLC